Générique de Tom Sawyer - Statistiques

Statistiques générales
  • Ce quiz a été pris 196 fois
  • Le résultat moyen est 5 sur 18
Statistiques - réponses
Hint Réponse % Correct
Tom Sawyer, c’est l’Amérique, le... symbole de la liberté
94%
Tom Sawyer c’est pour nous... tous un ami
75%
Il est né sur les bords du... fleuve Mississipi
60%
Tom Sawyer,... c’est l’Amérique
46%
Sur les bords du... Mississipi
45%
Il connaît les merveilles qui sont... dans la forêt
29%
Haut comme... trois pommes
29%
Qui n’aime pas... l’école
27%
Les chemins, les rivières... et les sentiers
19%
Rêvant... d’aventure
16%
Tom Sawyer est un... joyeux garçon
14%
pour tous ceux... qui aime la vérité
13%
Et préfère... pêcher les poissons
12%
Il a fière allure, les pieds nus il... marche dans la ville
7%
Il les partage avec... tous ses amis
4%
Qu’il empote... avec lui
3%
Il a dans ses poches... des objets fabuleux
2%
Trois bouts de ficelle, quelques... pierres et du bois
2%
Aucun quiz correspondant
Distribution des résultats
% des personnes avec chaque résultat
Percentile par nombre de réponses
Votre historique - résultats
Vous n’avez pas pris ce quiz